000 01000cam a22002531 4500
001 gs 66000059
003 DLC
005 20260227111418.0
008 780720s1965 fr bf b 000 0 fre c
010 _ags 66000059
035 _a(OCoLC)4069546
040 _aU. S. Geol. Survey. Libr.
_cOAkU
_dDLC
042 _apremarc
050 0 0 _aQE226.M4
_bG7
100 1 _aGrunevald, Henri.
245 1 0 _aGéologie de la Martinique.
260 _aParis,
_bImpr. nationale,
_c1965.
300 _a144 p.
_billus., maps (part fold., 1 col. in pocket) 4 plates.
_c32 cm.
490 1 _aMémoires pour servir à l'explication de la carte géologique détaillée de la France: Département de la Martinique
504 _aBibliography: p. 133-135.
650 0 _aGeology
_zMartinique.
650 0 _aPetrology
_zMartinique.
810 1 _aFrance.
_bService de la carte géologique de la France.
_tMémoires pour servir à l'explication de la carte géologique detaillée de la France: Département de la Martinique.
999 _c30183
_d30183